000 00915nam a22002537a 4500
001 BR8700867
003 BR-BrBNA
005 20230928092359.0
007 ta
008 230509b bl.||||| |||| 00| 0 por d
040 _aBR-BrBNA
_bpor
_cBiblioteca Nacional de Agricultura
041 _a(Por)
072 _aP32
_b/G514
090 _ P32 BR8700867
110 1 _aMinisterio da Agricultura, Rio de Janeiro, GB (Brasil). Equipe de Pedologia e Fertilidade do Solo
_96947
245 1 _aLevantamento exploratorio e reconhecimento de solos do estado da Paraiba; interpretacao para uso agricola dos solos do estado da Paraiba
260 3 _aRio de Janeiro, GB (Brasil):
_c1972.
300 _a690 p.
500 _a(*) Documento disponível no(a) UFPB, Areia, PB (Brazil). Centro de Ciencias Agrarias
650 _aRECONHECIMENTO DO SOLO
650 _aPARAIBA
909 _a202309
_bLucia
_c55
_dLucia Elande
942 _cBK
999 _c38695
_d38695